LEADER 01403nam--2200361---450- 001 990002930690203316 005 20100617091630.0 010 $a88-141-1355-6 035 $a000293069 035 $aUSA01000293069 035 $a(ALEPH)000293069USA01 035 $a000293069 100 $a20070523d2004----km-y0itay0103----ba 101 $aita 102 $aIT 105 $a||||||||001yy 200 1 $a<> contabilità per la direzione nelle imprese alberghiere$fPatrizia D. Modica 210 $aMilano$cA.Giuffré$dcopyr. 2004 215 $a141 p.$d24 cm 225 2 $aPubblicazioni del Dipartimento di ricerche aziendali$iEconomia - Diritto - Comunicazione$fUniversità degli studi di Cagliari 410 0$a0$12001$aPubblicazioni del Dipartimento di ricerche aziendali, Economia diritto comunicazione$fUniversità degli studi di Cagliari$iEconomia - Diritto - Comunicazione 606 0 $aAlberghi$xContabilità 676 $a657.837 700 1$aMODICA,$bPatrizia Daniela$0597176 912 $a990002930690203316 951 $aXXX.B. Coll. 110/ 17 (X 3 IV 16)$b15176 EC$cXXX.B. Coll. 110/ 17 (X 3 IV)$d00159019 959 $aBK 969 $aECO 979 $aCAPORASO$b90$c20070523$lUSA01$h1432 979 $aCHIARA$b90$c20100406$lUSA01$h1214 979 $aRSIAV4$b90$c20100617$lUSA01$h0916 996 $aContabilità per la direzione nelle imprese alberghiere$91030435 997 $aUNISA LEADER 01694nam 22004573 450 001 9910154634503321 005 20230808200746.0 010 $a9780848752750 010 $a0848752759 035 $a(CKB)3710000000971617 035 $a(MiAaPQ)EBC6010629 035 $a(Au-PeEL)EBL6010629 035 $a(OCoLC)1136963601 035 $a(EXLCZ)993710000000971617 100 $a20210901d2016 uy 0 101 0 $aeng 135 $aurcnu|||||||| 181 $ctxt$2rdacontent 182 $cc$2rdamedia 183 $acr$2rdacarrier 200 10$aSouthern Living Dinner in a Dish $eOne Simple Recipe, One Delicious Meal 205 $a1st ed. 210 1$aBirmingham :$cTI Inc. Books,$d2016. 210 4$d©2016. 215 $a1 online resource (426 pages) 311 08$a9780848733490 311 08$a0848733495 327 $aCover -- Title -- Contents -- Quick & -- Easy Meal Planning -- Not Just for Breakfast -- Pizza 'n' Pasta -- Stir-Fries & -- Skillet Suppers -- Soup 'n' Salad Suppers -- Casseroles & -- Dutch Oven Dinners -- Slow Cooker Suppers -- Plugged in for Speed -- Meals from the Grill -- Menus -- Metric Equivalents -- Copyright. 330 $aProvides over 200 fresh and tasty recipes that offer simple alternatives to frozen microwave dinners and dining out. 606 $aOne-dish meals 615 0$aOne-dish meals. 676 $a641.82 700 $aLiving$b The Editors of Southern$01237611 701 $aEditors$b Southern Living Magazine$01237612 801 0$bMiAaPQ 801 1$bMiAaPQ 801 2$bMiAaPQ 906 $aBOOK 912 $a9910154634503321 996 $aSouthern Living Dinner in a Dish$92872857 997 $aUNINA